000 00781nam a22002177a 4500
003 UA-OsUOA
001 104822
007 ta
008 20140129b un ||||| |||| 00| 0 ukr d
100 _aПаламар С.
090 _a82
_bП14
942 _cSA
040 _aUA-OsUOA
_bukr
_cUA-OsUOA
_dUA-OsUOA
245 _aРобота над художнім твором як зсіб формування літературної компетентності в учнів основної школи
300 _aС.21-24
955 _a0
041 _aukr
080 _a82
773 0 _w104821
_tУкраїнська література в загальноосвітній школі
_dК.
_d2013
_g12
650 7 _a82 Література. Літературознавство
_2UDC
999 _c391114
_d391114